000 01200cam a2200337 i 4500
001 17877694
003 OSt
005 20230602102118.0
008 130906s2011 ke b 000 0 eng
010 _a 2013441157
020 _a9789966156419
040 _aDLC
_beng
_cDLC
_erda
042 _alcode
_apcc
043 _af-ke---
082 _a364.1316762
_bOKO
100 1 _aNyawalo, Phoebe Akinyi-Dar.
245 1 4 _aThe invisible violence in Kenya :
_ba case study of Rift Valley and Western regions /
_cPhoebe Akinyi-Dar Nyawalo, George Odhiambo Kabongah, Otieno Ombok, Patrick Leo Kamau Magero, Moses Onyango, Manasseh Wepundi, John Obiri.
250 _aFirst edition
264 1 _aNairobi, Kenya :
_bKonrad Adenauer-Stiftung e.V.,
_c2011.
300 _axxxx, 253 pages ;
_c21 cm
336 _atext
_2rdacontent
337 _aunmediated
_2rdamedia
338 _avolume
_2rdacarrier
504 _aIncludes bibliographical references.
650 0 _aPolitical violence
_zKenya.
650 0 _aElections
_zKenya.
651 0 _aKenya
_xPolitics and government
_y2002-
906 _a7
_bcbc
_corigode
_d3
_encip
_f20
_gy-gencatlg
942 _2ddc
_cBK
999 _c54
_d54